000 00480nam a2200157 4500
005 20221025104946.0
037 _aBC_457 02
_fbroch
040 _aBC-ENSA
_bfre
041 _afre
_bfre
100 _aHENRIOT, G.
245 _aTraité théorique et pratique des engrenages théorie et technologie
_ntome 1
_pthéorie et technologie
260 _aPARIS
_bDUNOD
_c1968
562 _e01 exemplaire(s)
650 _aENGRENAGES/TECHNOLOGIE/THEORIE/MECANIQUES
942 _c09
999 _c34962
_d62960